[Event "NOR-ch Class2"]
[Site "Oslo"]
[Date "2015.07.10"]
[Round "8"]
[White "Fosdahl, Bjorn W"]
[Black "Taranger, Rune"]
[Result "0-1"]
[WhiteElo "1642"]
[BlackElo "1507"]
[PlyCount "46"]
[EventDate "2015.07.04"]
[EventType "swiss"]
[EventRounds "9"]
[EventCountry "NOR"]
[SourceTitle "EXT 2017"]
[Source "ChessBase"]
[SourceDate "2016.10.25"]
[SourceVersion "1"]
[SourceVersionDate "2016.10.25"]
[SourceQuality "1"]

1. d4 d5 2. c4 dxc4 3. Nf3 Nf6 4. e3 e6 5. Bxc4 c5 6. 0-0 a6 7. a4 b6 8. Qe2 Bb7 9. Nc3 Be7 10. Rd1 Qc7 11. e4 cxd4 12. Rxd4 0-0 13. Bg5 Nc6 14. Rd2 Ng4 15. Bxe7 Qxe7 16. e5 Na5 17. Ne4 Qc7 18. Rc2 Nxe5 19. Bxe6 Qe7 20. Nxe5 Qxe6 21. Ng3 Nb3 22. Re1 Nd4 23. Qg4 Qxg4 0-1

[Event "Stjernen Autumn"]
[Site "Oslo"]
[Date "2011.09.06"]
[Round "2"]
[White "Haug, Johannes"]
[Black "Fosdahl, Bjorn W"]
[Result "1-0"]
[WhiteElo "1836"]
[BlackElo "1694"]
[PlyCount "58"]
[EventDate "2011.08.30"]
[EventType "swiss"]
[EventRounds "9"]
[EventCountry "NOR"]
[SourceTitle "EXT 2024"]
[Source "ChessBase"]
[SourceDate "2023.10.10"]
[SourceVersion "1"]
[SourceVersionDate "2023.10.10"]
[SourceQuality "1"]

1. e4 e6 2. d4 d5 3. e5 b6 4. Ne2 Ba6 5. g3 Qd7 6. Bg2 c5 7. c3 Nc6 8. a3 Nge7 9. Be3 Nf5 10. g4 Nh4 11. 0-0 Nxg2 12. Kxg2 Be7 13. f4 f6 14. Rf2 0-0 15. Nd2 fxe5 16. fxe5 Bh4 17. Rxf8+ Rxf8 18. Nf3 Qe7 19. Nf4 Na5 20. b3 Bb7 21. Nxh4 Qxh4 22. Nxe6 Bc8 23. Nxf8 Bxg4 24. Qe1 Bh3+ 25. Kg1 Qg4+ 26. Qg3 Qxg3+ 27. hxg3 Nxb3 28. Rb1 Nxd4 29. cxd4 Kxf8 1-0

[Event "Stjernen CC-ch"]
[Site "Oslo"]
[Date "2011.04.12"]
[Round "7"]
[White "Andersen, Guttorm"]
[Black "Fosdahl, Bjorn W"]
[Result "1/2-1/2"]
[WhiteElo "1602"]
[BlackElo "1701"]
[PlyCount "72"]
[EventDate "2011.02.08"]
[EventType "swiss"]
[EventRounds "9"]
[EventCountry "NOR"]
[SourceTitle "EXT 2024"]
[Source "ChessBase"]
[SourceDate "2023.10.10"]
[SourceVersion "1"]
[SourceVersionDate "2023.10.10"]
[SourceQuality "1"]

1. d4 Nf6 2. c4 e6 3. Nc3 Bb4 4. e3 b6 5. Nge2 Ba6 6. a3 Bxc3+ 7. Nxc3 d5 8. b3 0-0 9. Bd3 c5 10. cxd5 Bxd3 11. Qxd3 exd5 12. 0-0 Nc6 13. Ne2 Re8 14. Bb2 Qe7 15. Rac1 Nxd4 16. Nxd4 cxd4 17. Qxd4 Rac8 18. Qf4 Rc5 19. a4 Qe4 20. Qd6 Rec8 21. Rxc5 bxc5 22. Qa6 Qe6 23. Qxa7 h5 24. Qb7 Ne4 25. Rd1 c4 26. bxc4 dxc4 27. f3 Nc5 28. Qd5 Qxe3+ 29. Kf1 Nd3 30. Qd4 Qxd4 31. Bxd4 Ra8 32. Ra1 Rd8 33. Bc3 Nf4 34. a5 Nd5 35. Ra3 Ra8 36. Kf2 Nxc3 1/2-1/2

[Event "Stjernen CC-ch"]
[Site "Oslo"]
[Date "2010.03.23"]
[Round "6"]
[White "Fosdahl, Bjorn W"]
[Black "Andersen, Guttorm"]
[Result "0-1"]
[WhiteElo "1651"]
[BlackElo "1580"]
[PlyCount "50"]
[EventDate "2010.02.02"]
[EventType "swiss"]
[EventRounds "9"]
[EventCountry "NOR"]
[SourceTitle "EXT 2024"]
[Source "ChessBase"]
[SourceDate "2023.10.10"]
[SourceVersion "1"]
[SourceVersionDate "2023.10.10"]
[SourceQuality "1"]

1. d4 f5 2. e4 fxe4 3. Nc3 Nf6 4. Bg5 e6 5. Nxe4 Be7 6. Ng3 0-0 7. Bd3 Nd5 8. Bxe7 Qxe7 9. Qd2 Nf4 10. 0-0-0 Nxd3+ 11. Qxd3 b5 12. Nf3 Na6 13. Qe4 Rb8 14. Qg4 Bb7 15. Ne4 h5 16. Qg6 Rf5 17. Neg5 Qf6 18. Qh7+ Kf8 19. h4 d6 20. Rhe1 Bd5 21. Re3 c6 22. Qxh5 Ke7 23. Kb1 Nc7 24. Ne4 Rxh5 25. Nxf6 gxf6 0-1